Normal view
MARC view
- الاقتصاد
Entry Topical Term
001 - CONTROL NUMBER
- control field: 47113
003 - CONTROL NUMBER IDENTIFIER
- control field: JO-AjAnu
005 - DATE AND TIME OF LATEST TRANSACTION
- control field: 20230606081800.0
008 - FIXED-LENGTH DATA ELEMENTS
- fixed length control field: 230606|| aca||aabn | a|a d
040 ## - CATALOGING SOURCE
- Original cataloging agency: JO-AjAnu
- Transcribing agency: JO-AjAnu
150 ## - HEADING--TOPICAL TERM
- Topical term or geographic name entry element: الاقتصاد
670 ## - SOURCE DATA FOUND
- Source citation: Work cat.: (JO-AjAnu)24111: الصدر، محمد باقر, author 47112, اقتصادنا:دراسة موضوعية تتناول بالنقد والبحث المذاهب الاقتصادية للماركسية واراسمالية والاسلام في اسسها الفكرية وتفاصيلها